Spell the Marvel Character #248 - Statistics

General Stats
  • This quiz has been taken 16 times
  • The average score is 11 of 11
Answer Stats
Picture Answer % Correct
Black Widow
100%
Daredevil
100%
Elektra
100%
Hawkeye
100%
Okoye
100%
Old Man Logan
100%
Thor
100%
Dog Brother
90%
Galacta
90%
Red Dagger
90%
Rage
80%
No matching quizzes found
Score Distribution
Percent of People with Each Score
Percentile by Number Answered
Your Score History
You have not taken this quiz